| 000 | 00566nam a22001577a 4500 | ||
|---|---|---|---|
| 005 | 20231026123129.0 | ||
| 008 | 231026b |||||||| |||| 00| 0 eng d | ||
| 041 | _aEnglish | ||
| 082 | _a346.7 NAT | ||
| 100 |
_aNathan, CJM _lEnglish |
||
| 245 |
_aCommentary on the 1965 Amendments to the Insolvency Act, No. 24 of 1963 : _bWith a Reprint of the 1963 Act as Amended up to and including 1965 / _cCJM Nathan |
||
| 260 |
_aDurban : _bButterworths, _c1965 |
||
| 300 |
_b92 pages; _c25,5 cm. |
||
| 650 |
_aLegal practice _bLaw |
||
| 942 |
_cBK _6ALISON_BN_VRIES |
||
| 999 |
_c85 _d85 |
||